00432nam a2200181Ia 4500008004100000020001800041050001400059100002200073245003200095245002200127260001500149260001600164260000900180300001600189300002700205300001000232500000800242170918s9999 xx 000 0 und d a9780545079297 bD732 2009 aDougherty, Brandi 4aThe friendship experiment / cBrandi Dougherty. aNew York : bScholastic, c2009 a147 pages : bcolored illustration ; c19cm. a850